Gaming Quiz

Random Gaming or DC Comics Quiz
Score 0/18 Timer 05:00
2 Plays Today
% Correct
Power Ranger Spider-Man
97.8%
Mr. Potato Head
97.8%
Winnie the Pooh
96.5%
Super Mario
91.9%
Superman
91.8%
The Simpsons
91.3%
Transformers
90.2%
Star Wars Pokémon
90.1%
Blue's Clues Pokémon
89.9%
% Correct
Star Wars Buzz Lightyear
89%
The Terminator
88.5%
Sonic the Hedgehog
88%
Rubik's Cube
87.1%
The Little Mermaid
86.2%
Wolverine
82.6%
Judge Dredd
64%
Freddy Krueger
62.2%
MacGyver's Paperclip
61.8%
Remove Ads.
Support Sporcle.
Get the best of Sporcle when you Go Orange. This ad-free experience offers more features, more stats, and more fun while also helping to support Sporcle. Thank you for becoming a member.

You're not logged in!

Compare scores with friends on all Sporcle quizzes.
OR
Log In

Show Comments

Extras

Top Quizzes Today


Score Distribution

Your Account Isn't Verified!

In order to create a playlist on Sporcle, you need to verify the email address you used during registration. Go to your Sporcle Settings to finish the process.

Report this User

Report this user for behavior that violates our Community Guidelines.

Details: